Quizzes
Events
Quiz Creation
Community
Videos
Private Events
Remove Ads
Sign In
Join for FREE
Feedback
Dark Mode
Quiz Categories
Sports
Geography
Music
Movies
Television
Just For Fun
Miscellaneous
History
Literature
Language
Science
Gaming
Entertainment
Religion
Holiday
For Kids
Quiz Lab
Recent
Popular Today
Quiz Kudos Today
Editor Picks
Curator Picks
Quizzes by...
Day
Popularity
Type
Ratings
Length
Year
Community
Subscriptions
Recent Discussions
Orange Saloon
Badges
Playlists
Quests
Create
Leaderboards
Showdown
Live 5
Trivia Bingo
Activity
Puzzle Library
Sporcle Events
Private Events
Virtual Trivia
Globe League
Become a Host
Pub Owners
SporcleCon
Opinionation
Our Games
Videos
Blog
Mobile Apps
Partnerships
Remove Ads and Go Orange
Feedback
Just For Fun
Clickable
Get the Picture
Humor
Quick Pick
Word Ladder
Missing Word
Mixed Word
Blitz
Minefield
This or That
Alphabet
Color
Typing
Sporcle
Puzzle
Word Play
Follow That Line
Logic
Just For Fun
Clickable
Get the Picture
Humor
Quick Pick
Word Ladder
Missing Word
Mixed Word
Blitz
Minefield
This or That
Alphabet
Color
Typing
Sporcle
Puzzle
Word Play
Follow That Line
Logic
Random Quiz
Search Sporcle
×
Quiz Lab
Quiz Lab
Just For Fun
Roman
Type in answers that appear in a list
Type in answers that appear in a list
Classic
Best Score? Go Orange.
Roman History Stats
Can you name the Roman History?
By
Tommy16p
5m
14 Questions
136 Plays
136 Plays
136 Plays
Comments
Comments
Give Quiz Kudos
Give Quiz Kudos
-
- Ratings
hide this ad
Replay
Link that replays current quiz
Next Quiz
Link to next quiz in quiz playlist
You Got
0%
They Got
Avg Score
71%
Avg Friend Score
Upgrade to see
Score Distribution
Jump to the score distribution portion of the page
Score
0/14
Timer
05:00
0
Plays Today
Question
Answer
% Correct
Romes primary language was
Latin
89%
Who was the first emperor?
Augustus
86%
Which two brothers founded Rome?
Romulus and Remus
86%
What 4 letters signify Rome?
SPQR
84.6%
What system of government did the Romans have?
Republic
82.4%
The Punic Wars were between Rome and _
_
_
_
_
.
Carthage
82.4%
What emperor built a wall to keep the Scotts from invading the southern lands of England?
Hadrian
81.6%
Question
Answer
% Correct
The capital of Rome is _
_
_
_
_
.
Rome
77.9%
Who was the first emperor to become Christian?
Nero
67.6%
Byzantium was named _
_
_
_
_
_
in 300 AD.
Constantinople
65.4%
Who was the first emperor to persecute Christians?
Constantine
59.6%
Nero _
_
_
_
_
_
Rome.
burned
55.1%
When was Julius Caesar assassinated?
Ides of March
54.4%
What was the famous volcano that erupted?
Pompeii
25.7%
Quiz Playlist
Details
Report
Send in Message
Add To Playlist
Classic:
Type in answers that appear in a list
Last Updated: Feb 16, 2017
Quiz Scoreboard
CHALLENGE
Sign Up to Join the Scoreboard
Show All
Scores
Hide
Comments
May contain spoilers
Recently Published
Pick 6: Fruits
by JohnFran
Miscellaneous
15s
Click the 1999 NBA Draft
by nibperrychub
Sports
2m
Alphabetical 'K' Countries by Flag Minefield
by ylime102
Geography
3m
More to Explore
Quiz From the Vault
Featured Blog Post
15 Basketball Trivia Facts You Can Be March Mad About
hide this ad
You Might Also Like...
Tags
Roman
Today's Top Quizzes in Just For Fun
Browse Just For Fun
hide this ad
Today's Top Quizzes in Roman
Browse Roman
Top Contributed Quizzes in Just For Fun
1
Seasons
2
Pick 6: Letters
3
Pick 6: Foods
4
Pick 6: Colors
5
Quick Pick: Spring Things
6
Dragon Ball Z Logic Quiz
7
Four Seasons
8
Just Another 1-25 Logic Puzzle
9
🌸 Two-Word Hint Crossword 7 🌸
10
LogiCrossword: Seasons of Year
Explore More
Trending Topics
Marvel
Disney
Harry Potter
Crossword
Kpop
NBA
Anime
Soccer
Pokémon
Puzzle
NFL
Country
The Office
Song
WWE
hide this ad
More By:
Tommy16p
Quiz
Plays
Rating
Category
Featured
Created
Roman History
136
1.00
Just For Fun
May 24, 2011
Go to Creator's Profile
Score Distribution
Quiz Creator Spotlight
Tommy16p
Follow
Send a Message
Quizzes Created
-
Created Quiz Play Count
-
More By This Creator
Popular Quizzes Today
1
Countries of Asia Without Outlines Minefield
2
Find the US States - No Outlines Minefield
3
Pick 6: Fruits
4
Alphabetical 'K' Countries by Flag Minefield
5
The Countries of the World
6
Find the US States
7
US States
8
Find the Countries of Europe - No Outlines Minefield
More Just For Fun Quizzes
Family Feud 18: Sports Teams
Quiz Lab
Trending Quizzes
Pick 6: Mountains
Pick 6: Harry Potter
Pick 6: Flags
Pick 6: NFL Teams
Pick 6: Movie Franchises
Recently Updated
NWSL Teams
pecheneg
Women's Final Four Teams by Year
bhenderson79
Presidents Quartet II
eogle
Anything But Clue(do)
eogle
Anything But Oceanian Capitals
eogle
Anything But 7
eogle
Anything But Thing
eogle
Word Ladder: February 29
pecheneg
Song Title Questions
pecheneg
Women's NCAA Tournament #1 Seeds
pecheneg
Trending Topics
Anime
NBA
Disney
Kpop
Marvel
Crossword
Harry Potter
The Office
Soccer
Pokémon
WWE
Song
Puzzle
NFL
Country
Your Account Isn't Verified!
In order to create a playlist on Sporcle, you need to verify the email address you used during registration. Go to your
Sporcle Settings
to finish the process.
Report this User
Report this user for behavior that violates our
Community Guidelines
.
Details:
Send Report
Go to the Sporcle.com Mobile Site →
Comments